000 00312nam a22001457a 4500
008 210310b ||||| |||| 00| 0 eng d
020 _a9780495905097
041 _aeng
080 _a316
082 _a316
100 _a50
101 _aSOC
245 _aSociology in our times
_cKendall,D
942 _2udc
_cBK
999 _c56242
_d56242